000 00422nam a2200157Ia 4500
005 20240607002439.0
008 240331s9999 xx 000 0 und d
020 _a9558309001
082 _bSEN
_a362
100 _aSeneviratne, M
245 4 _aThe sexual exploitation of children :
_bSome expert analyses in Sri Lanka
260 _aMount Lavinia
_bP.E.A.C.E.
_c1999
300 _a79 p.,
650 _aChildren
942 _cL
999 _c2882
_d2882